000 00856aam a2200301 i 4500
001 768714001
003 CO-MdFUSB
005 20250521111048.0
007 ta
008 250521t1970 -us |||| |||| 00| 0 eng d
040 _cCO-MdFUSB
041 0 _aeng
082 0 4 _223
_a248.4
_bG6621q
100 1 _aGordon, Thomas (1918-)
_eautor
245 1 0 _aP.E.T. Parent effectiveness training :
_bthe trasted new way to raise responsible children
_c/ Thomas Gordon
264 1 _bNew American Library,
_aNew York, USA :
_c[1970]
264 4 _c©1970
300 _a334 páginas
336 _atexto
_btxt
_2rdacontent
337 _2rdamedia
_asin mediación
_bn
338 _2rdacarrier
_avolumen
_bnc
563 _aRústico
650 0 _aVida cristiana
_919
653 _aFamilia cristiana
942 _cBK
945 _aJTF-925
999 _c38415
_d38415